| 000 | 00396nam a2200121Ia 4500 | ||
|---|---|---|---|
| 003 | GCL | ||
| 008 | 140319s9999 xx 000 0 ara d | ||
| 040 |
_aGCL / _cGCL |
||
| 082 | 0 | 4 |
_a301.363 _bم ت |
| 245 | 1 | 0 | _aتخطيط المدينة العربية العلاقة بين التخطيط القومى الشامل وتخطيط المدن العربية ج2 , ج3 |
| 300 | _aمتعدد | ||
| 490 | _a | ||
| 999 |
_c37942 _d37942 |
||